000 00530nam a2200205Ia 4500
008 180523s9999 xx 000 0 und d
050 _aMAIN RC 346
050 _b.P38 1968 v.2
245 0 _aPathology of the nervous system /
245 0 _cedited by Jeff Minckler.
260 _aNew York :
260 _bMcGraw-Hill,
260 _c1968
300 _a1 volume (various paging) :
300 _billustrations ;
300 _c26 cm.
440 _v2
500 _aIncludes index.
650 _aNervous system -- Diseases.
999 _c357633
_d357633